Normal view MARC view

Entry Uniform Title

Number of records used in: 13

001 - CONTROL NUMBER

  • control field: 50836

003 - CONTROL NUMBER IDENTIFIER

  • control field: dpl

005 - DATE AND TIME OF LATEST TRANSACTION

  • control field: 20120807120622.0

008 - FIXED-LENGTH DATA ELEMENTS

  • fixed length control field: 120807|||a|||||| | ||| d

040 ## - CATALOGING SOURCE

  • Original cataloging agency: dpl
  • Transcribing agency: dpl

130 ## - HEADING--UNIFORM TITLE

  • Uniform title: Index

670 ## - SOURCE DATA FOUND

  • Source citation: Work cat.: (dpl)68801: Debbarma, Sukhendu 50835, Origin and growth of christianity in Tripura/, 1996

670 ## - SOURCE DATA FOUND

  • Source citation: Work cat.: (dpl)68801: Debbarma, Sukhendu 50835, Origin and growth of christianity in Tripura/, 1996

© Delhi Public Library
Hit Counter
free hit counter